Airlines that fly into Phoenix - Statistics

General Stats
  • This quiz has been taken 25 times
  • The average score is 15 of 24
Answer Stats
% Correct
United Airlines
100%
American Airlines
95%
British Airways
95%
Air Canada
89%
Air France
89%
Delta Airlines
89%
Southwest Airlines
89%
Aeromexico
84%
Frontier Airlines
84%
Alaska Airlines
79%
Jetblue Airways
74%
Sun Country Airlines
68%
WestJet
68%
Hawaiian Airlines
58%
Allegiant Air
53%
China Airlines
47%
Porter Airlines
47%
Volaris
47%
Breeze Airways
32%
Starlux Airlines
21%
Denver Air Connection
16%
Advanced Airlines
11%
Contour Airlines
11%
Southern Airways Express
5%
No matching quizzes found
Score Distribution
Percent of People with Each Score
Percentile by Number Answered
Your Score History
You have not taken this quiz